00433nam a2200145Ia 4500003000400000008004100004040001600045082001800061100003100079245006600110490001600176650003800192650001900230650003800249GCL140319s9999 xx 000 0 ara d aGCL / cGCL04a189.09bا ف1 aاحمد محمد صبحى10aفى فلسفة التاريخ / cاحمد محمد صبحى aكتابv004aالفلسفة الاسلامية04aالفلسفة04aالحضارة الاسلامية